ბათუმის შოთა რუსთაველის სახელმწიფო უნივერსიტეტის ბიბლიოთეკა

ასტრონომიის საფუძვლები.I. (ბიბ.ჩანაწერი № 44399)

000 -LEADER
fixed length control field 00866nam a2200229Ia 4500
001 - CONTROL NUMBER
control field 11164
003 - CONTROL NUMBER IDENTIFIER
control field GE_BSU
008 - FIXED-LENGTH DATA ELEMENTS--GENERAL INFORMATION
fixed length control field 181216s||||||||xx |||||||||||||| ||und||
040 ## - CATALOGING SOURCE
Transcribing agency GE_BSU
080 ## - UNIVERSAL DECIMAL CLASSIFICATION NUMBER
Universal Decimal Classification number 52(075.8)
100 ## - MAIN ENTRY--PERSONAL NAME
Personal name ხარაძე,ევგენი
245 ## - TITLE STATEMENT
Title ასტრონომიის საფუძვლები.I.
245 ## - TITLE STATEMENT
Remainder of title სახელმძღვ.სტუდენტებისათვის.
245 ## - TITLE STATEMENT
Statement of responsibility, etc. რედ:გ.კვირკველია.
260 ## - PUBLICATION, DISTRIBUTION, ETC.
Place of publication, distribution, etc. თბილისი.
260 ## - PUBLICATION, DISTRIBUTION, ETC.
Name of publisher, distributor, etc. თბილისის უნ–ტის გამ–ბა.
260 ## - PUBLICATION, DISTRIBUTION, ETC.
Date of publication, distribution, etc. 1971.
300 ## - PHYSICAL DESCRIPTION
Extent 397გვ;26სმ.
300 ## - PHYSICAL DESCRIPTION
Accompanying material ილ; პირთა და საგანთა საძიებელი.
653 ## - INDEX TERM--UNCONTROLLED
Uncontrolled term ასტრონომიის საფუძვლები.I.
942 ## - ADDED ENTRY ELEMENTS (KOHA)
Koha item type წიგნი
ეგზემპლარები
Withdrawn status Lost status Damaged status Not for loan Date acquired Barcode Date last seen Price effective from Koha item type
        2018-12-17 19233 2018-12-17 2018-12-17 წიგნი